| 000 | 00833nam a2200229 a 4500 | ||
|---|---|---|---|
| 001 | 000043025 | ||
| 005 | 20201002040600.0 | ||
| 008 | 140217s2006 xxcac 000 0 spa d | ||
| 020 | _a8487282369 | ||
| 040 |
_aDO-SdBNP _bspa _cBNPHU |
||
| 041 | 1 | 7 |
_aspa _heng |
| 100 | 1 |
_aCid Acedo, Aurelio _970547 |
|
| 245 | 1 | 0 |
_aThe alhambra in focus : _ba complete new guide to the Alhambra and Generalife / _cAurelio Cid Acedo; traducción, Jon Trout; fotografías, Miguel Román, J. Agustín Núñez. |
| 246 | _aThe Alhambra and generalife in focus | ||
| 260 |
_a[Granada], : _bEdilux, _c2006. |
||
| 300 |
_a189 p. : _bil., retrs. ; _c24 cm. |
||
| 504 | _aBibliografía p: 189 | ||
| 590 | _aInventariado, 2019/VM | ||
| 700 | 1 |
_aTrout, Jon _etrad _970548 |
|
| 700 | 1 |
_aRomán, Miguel _efot. _970549 |
|
| 700 | 1 |
_aNuñez, J. Agustín _efot. _970550 |
|
| 999 |
_c42514 _d42514 |
||